000 00405 a2200121 4500
001 ART_12244
005 20260410161904.0
008 260409a
245 1 0 _aPorsterior distribution for the multiple correlation coefficient with fixed regressors
100 1 _aZellner, Arnold
700 1 _aPress, S. James
773 0 _tJournal of econometrics
_g- Vol. 8, NÂș 3 (dic. 1978)
_wREV11720
999 _c26205
_d26205